=LDR 00000nam 2200000 4500 =001 INLIS000000000005963 =005 20200305093155 =035 ##$$a 0010-061300000005963 =008 200305################g##########0#ind## =041 ##$$a Ind =082 ##$$a 153.8 =090 ##$$a 153.8 Den p =100 #$$a Denning =245 1#$$a Penuntun praktis membangkitkan kekuatan terpendam pada diri anda /$c Denning dan Philips =260 ##$$a Jakarta :$b PT. Alex Media Komputindo,$c 1990 =300 ##$$a xvi, 134 hlm. : $b Ilus. ; $c 14 x 21 cm =650 #4$$a Kemauan =700 #$$a Philips =850 ##$$a NBPNMAT =084 ##$$a 153.8 DEN p =250 ##$$a Cet.1 =990 ##$$a DW00022425 =990 ##$$a DW00022426